<?xml version="1.0" encoding="UTF-8"?>
<record
    xmlns:xsi="http://www.w3.org/2001/XMLSchema-instance"
    xsi:schemaLocation="http://www.loc.gov/MARC21/slim http://www.loc.gov/standards/marcxml/schema/MARC21slim.xsd"
    xmlns="http://www.loc.gov/MARC21/slim">

  <leader>00621 am a22002055i 4500</leader>
  <datafield tag="999" ind1=" " ind2=" ">
    <subfield code="c">7727</subfield>
    <subfield code="d">7727</subfield>
  </datafield>
  <controlfield tag="001">991060962850706706</controlfield>
  <controlfield tag="003">OSt</controlfield>
  <controlfield tag="005">20230515125546.0</controlfield>
  <controlfield tag="008">230426-----    ---|||||-|||||-|| -----|c</controlfield>
  <datafield tag="020" ind1=" " ind2=" ">
    <subfield code="a">9788418604317</subfield>
  </datafield>
  <datafield tag="040" ind1=" " ind2=" ">
    <subfield code="a">ES-BaUB</subfield>
    <subfield code="b">cat</subfield>
    <subfield code="e">rda</subfield>
    <subfield code="c">CDMR</subfield>
  </datafield>
  <datafield tag="100" ind1="1" ind2=" ">
    <subfield code="9">2586</subfield>
    <subfield code="a">Monz&#xF3;, Quim</subfield>
  </datafield>
  <datafield tag="245" ind1=" " ind2=" ">
    <subfield code="a">Si la mem&#xF2;ria no ens falla /</subfield>
    <subfield code="c">Quim Monz&#xF3; i Sergi P&#xE0;mies ; una conversa condu&#xEF;da i editada per Juli&#xE0; Guillamon</subfield>
  </datafield>
  <datafield tag="264" ind1=" " ind2="1">
    <subfield code="a">Barcelona:</subfield>
    <subfield code="b">Libros Vanguardia,</subfield>
    <subfield code="c">2023</subfield>
  </datafield>
  <datafield tag="300" ind1=" " ind2=" ">
    <subfield code="a">199 p&#xE0;gines</subfield>
  </datafield>
  <datafield tag="700" ind1=" " ind2=" ">
    <subfield code="9">4840</subfield>
    <subfield code="a">P&#xE0;mies, Sergi</subfield>
  </datafield>
  <datafield tag="700" ind1=" " ind2=" ">
    <subfield code="9">4841</subfield>
    <subfield code="a">Guillamon, Juli&#xE0;</subfield>
  </datafield>
  <datafield tag="940" ind1=" " ind2=" ">
    <subfield code="a">UB</subfield>
  </datafield>
  <datafield tag="942" ind1=" " ind2=" ">
    <subfield code="2">udc</subfield>
    <subfield code="c">MON</subfield>
  </datafield>
  <datafield tag="952" ind1=" " ind2=" ">
    <subfield code="0">0</subfield>
    <subfield code="1">0</subfield>
    <subfield code="4">0</subfield>
    <subfield code="7">0</subfield>
    <subfield code="a">CDMR</subfield>
    <subfield code="b">CDMR</subfield>
    <subfield code="d">2023-05-15</subfield>
    <subfield code="e">Donaci&#xF3;</subfield>
    <subfield code="g">16.10</subfield>
    <subfield code="l">4</subfield>
    <subfield code="m">1</subfield>
    <subfield code="o">Du 3/13</subfield>
    <subfield code="p">CDMR23050003</subfield>
    <subfield code="r">2024-05-29</subfield>
    <subfield code="s">2024-05-08</subfield>
    <subfield code="w">2023-05-15</subfield>
    <subfield code="y">MON</subfield>
  </datafield>
</record>
